000 00781nam a2200205 a 4500
001 000028965
005 20240527201743.0
008 110412s1970 dr 000 | spa d
040 _aDO-SdBNP
_bspa
_cBNPHU
082 _a327.73
_bD542c
100 1 _aDíaz Santana, Arismendi
_91343
245 1 3 _aLa crisis final del sistema imperialista :
_buna interpretación de la crisis norteamericana /
_cArismendi Díaz Santana.
260 _aSanto Domingo :
_bPublicaciones M. D.,
_c1970.
300 _a71 p. ;
_c18 cm.
500 _aIncluye referencias bibliograficas y notas al pie de las páginas.
590 _aInventariado, 2018/BT
650 0 _aImperialismo
_91499
651 _aEstados Unidos
_xRelaciones Económicas Exteriores
_955902
910 _aValidado. Control de calidad. MFF
999 _c28457
_d28457